000 00476nam a2200181Ia 4500
001 21008
005 20260306172847.0
008 260306t2003||||xx |||||||||||||| ||spa||
041 _aESP
082 _a343.9
_bC265
100 _aCongreso de la República
_eAUT
245 0 _aNueva Ley Orgánica de Municipalidades:
_bLey Nro. 27972 / Pub. 27-05-2003
260 _c2003
300 _a60 páginas :
_c21 cm.
650 _aGEN
654 _aCDE
942 _cLIB
_dJUS
_fJUS
_2ddc
_n
999 _c21008
_d21008